| 000 | 01109nam a2200253 a 4500 | ||
|---|---|---|---|
| 001 | 71341 | ||
| 003 | BD-RjUL | ||
| 005 | 20211209082113.0 | ||
| 008 | 170502s2008 ii a|||| b||| 001 0 ben d | ||
| 020 |
_a9788173325519 _c : Tk. 800.00 |
||
| 035 | _a(BD-RjUL)71557 | ||
| 040 |
_aBD-RjUL _bben _cBD-RjUL _dBD-RjUL |
||
| 041 | _aben | ||
| 082 |
_223 _a920.54 _bBAS 2008 |
||
| 100 | 1 | 0 |
_aবসু, নির্মল কুমার _9211120 |
| 245 | 1 | 0 |
_aসাতচল্লিশের ডায়েরি / _cনির্মল কুমার বসু, সম্পাদনায় অভীককুমার দে |
| 260 |
_aকলকাতা : _bপুনশ্চ, _c২০০৮ |
||
| 300 |
_a৯৩৬ পৃ. : _bচিত্র ; _c২৩ সেমি. |
||
| 504 | _aগ্রন্থপঞ্জি ও নির্ঘন্ট সম্বলিত | ||
| 600 |
_aনির্মল কুমার বসু _xজীবনী _zভারত _9211137 |
||
| 600 |
_aNirmal Kumar Basu _c _xBiography _zIndia _9211138 |
||
| 700 |
_aদে, অভীককুমার _9211129 |
||
| 942 |
_2ddc _cBK |
||
| 999 |
_c71341 _d71341 |
||